000 00714nam a2200217 a 4500
001 31211
003 BD-RjUL
005 20211209051655.0
008 181217s1960 pk 000 0 eng d
035 _a(BD-RjUL)31298
040 _aBD-RjUL
_beng
_cBD-RjUL
_dBD-RjUL
041 _aeng
082 _223
_a303.66
_bAHW 1960
100 1 _aAhmad, Naziruddin
_9226138
245 1 0 _aWorld Peace through Law:
_bPaper read at the first session of the all Pakistan Lawers' convention on the 1st October, 1960 at Karachi /
_cby Naziruddin Ahmad
260 _aDacca:
_b[Eden Press],
_c[1960]
300 _a15 p. ;
_c22 cm
650 _aInternational law
_xCongresses.
_9226139
650 _aPeace
_9226140
942 _2ddc
_cRAR
999 _c31211
_d31211